Экономическая эффективность применения добычных комплексов на тонких крутых [угольных] пластах; Уголь Украины; № 9

Detaylı Bibliyografya
Parent link:Уголь Украины
№ 9.— 1967.— С. 17-18
Yazar: Дорохов Д. В.
Diğer Yazarlar: Жезлов Н. И., Алексеев А. Д.
Dil:Rusça
Baskı/Yayın Bilgisi: 1967
Konular:
Materyal Türü: MixedMaterials Kitap Bölümü
KOHA link:https://koha.lib.tpu.ru/cgi-bin/koha/opac-detail.pl?biblionumber=594587

MARC

LEADER 00000naa0a2200000 4500
001 594587
005 20250210161713.0
035 |a (RuTPU)RU\TPU\tpu\11270 
090 |a 594587 
100 |a 20030829d1967 k||y0rusy50 ca 
101 0 |a rus 
102 |a RU 
200 1 |a Экономическая эффективность применения добычных комплексов на тонких крутых [угольных] пластах  |f Д. В. Дорохов, Н. И. Жезлов, А. Д. Алексеев 
461 |t Уголь Украины 
463 |t № 9  |v С. 17-18  |d 1967 
610 1 |a добычные комплексы 
610 1 |a труды учёных ТПУ 
700 1 |a Дорохов  |b Д. В. 
701 1 |a Жезлов  |b Н. И. 
701 1 |a Алексеев  |b А. Д. 
801 1 |a RU  |b 63413507  |c 20030829  |g PSBO 
801 2 |a RU  |b 63413507  |c 20100310  |g RCR 
942 |c CR